History Quiz

Random History or Nation Quiz

World Leaders: Multiple Choice IV Quiz Stats

 Plays Quiz Updated Aug 13, 2017

Support Sporcle.
Go Orange.
Score 0/20 Timer 04:00
0 Plays Today
Question Answer Wrong Answers
Indira Gandhi India
97.8%
Russia
0.2%
Pakistan
1.6%
South Sudan
0.2%
Joseph Stalin Soviet Union
97.7%
China
0.1%
Germany
1%
Italy
1.2%
Justin Trudeau Canada
97.5%
Australia
1.1%
United States
0.3%
Micronesia
0.6%
Xi Jinping China
95.2%
Vietnam
3.3%
Armenia
0.1%
Bangladesh
0.3%
Richard I England
94.6%
France
2.8%
Italy
0.5%
Russia
0.8%
Juan Carlos I Spain
92.8%
Nicaragua
5.3%
Norway
0.4%
Italy
0.7%
Mustafa Kemal Atatürk Turkey
88.1%
Iran
8.1%
Austria
0.8%
Guatemala
1.2%
Pachacuti Inca Empire
85%
Ottoman Empire
4.6%
Holy Roman Empire
2.1%
Macedonian Empire
6%
Haile Selassie Ethiopia
80.7%
Ukraine
6.2%
Argentina
6.4%
Vanuatu
5%
Simón Bolívar Venezuela
79.8%
Mexico
11.5%
Philippines
1.7%
Portugal
5.1%
Xerxes I Persia
74.7%
Greece
13.4%
Ottoman Empire
8.2%
Spain
1.4%
Suharto Indonesia
74.6%
Ottoman Empire
13.4%
Egypt
8.5%
Scotland
0.7%
Attila Hunnic Empire
68.5%
China
0.8%
Mongol Empire
27.3%
Russia
0.8%
Wilhelmina Netherlands
61.6%
Sweden
23.1%
Poland
11.3%
Italy
1%
Kwame Nkrumah Ghana
61%
Egypt
3.4%
South Africa
10.9%
Somalia
21.3%
Sejong the Great Korea
54.9%
China
7.6%
Mongol Empire
30%
Siberia
3.7%
Deodoro da Fonseca Brazil
51%
Guatemala
13.6%
Dominican Republic
19.1%
Trinidad and Tobago
12.6%
Michael Joseph Savage New Zealand
49%
United States
2.6%
Ireland
22.2%
Jamaica
22.3%
Lee Kuan Yew Singapore
44.6%
South Korea
49%
India
0.6%
Uzbekistan
1.8%
Muhammadu Buhari Nigeria
36.4%
Afghanistan
38.9%
Serbia
2.5%
Namibia
17.9%

You're not logged in!

Compare scores with friends on all Sporcle quizzes.
OR
Log In
Forgot?

From the Vault

Multi-Category Countdown

by strokes_static

You're also supposed to count out loud as you do it.
Remove Ads.
Support Sporcle.
Get the best of Sporcle when you Go Orange. This ad-free experience offers more features, more stats, and more fun while also helping to support Sporcle. Thank you for becoming a member.

Show Comments

Extras

Top Quizzes Today


Score Distribution

Your Account Isn't Verified!

In order to create a playlist on Sporcle, you need to verify the email address you used during registration. Go to your Sporcle Settings to finish the process.

Report this User

Report this user for behavior that violates our Community Guidelines.

Details: